|
|
|
|
| LEADER |
00000nam a2200000Ii 4500 |
| 001 |
DIGDEU1133 |
| 003 |
NyNyDIG |
| 006 |
m o d |
| 007 |
cr ||||||||||| |
| 008 |
130501s2007 sp a ob 000 0 baq |
| 020 |
|
|
|a 9788498306774
|q (eBook)
|
| 020 |
|
|
|z 8498301130
|
| 020 |
|
|
|z 9788498301137
|
| 035 |
|
|
|a (OCoLC)888263965
|
| 040 |
|
|
|a DGITA
|b eng
|e pn
|c DGITA
|
| 050 |
1 |
4 |
|a HD37.S6 eBook
|
| 100 |
1 |
|
|a Aramburu, Nekane.
|
| 245 |
1 |
0 |
|a Enpresen antolaketa /
|c Nekane Aramburu eta Olga Rivera.
|
| 264 |
|
1 |
|a Bilbao :
|b Universidad de Deusto,
|c 2007.
|
| 300 |
|
|
|a 1 online resource (123 pages) :
|b ill.
|
| 336 |
|
|
|a text
|b txt
|2 rdacontent
|
| 337 |
|
|
|a computer
|b c
|2 rdamedia
|
| 338 |
|
|
|a online resource
|b cr
|2 rdacarrier
|
| 490 |
1 |
|
|a [Ekonomia] ;
|v v. [33].
|
| 504 |
|
|
|a Includes bibliographical references (p. 121-123).
|
| 651 |
|
0 |
|a Industrial management.
|
| 655 |
|
0 |
|a Electronic books.
|
| 700 |
1 |
|
|a Rivera Hernáez, Olga.
|
| 791 |
2 |
|
|a Digitalia (Firm),
|e distributor.
|
| 830 |
|
0 |
|a Publicaciones de la Universidad de Deusto.
|p Economía ;
|v v. 33.
|
| 793 |
0 |
|
|g Digitalia eBook Collection:
|a Universidad de Deusto.
|
| 856 |
4 |
0 |
|3 Digitalia Hispánica
|u https://www.digitaliapublishing.com/a/18051/
|
| 910 |
|
|
|a Premium Collection: 2007-2012
|